<An> Analysis of Intellecutal Potential and its Impact on the Social and Economic Development of European Countries

Posudzovanie intelektuálneho potenciálu a jeho vplyvu na najdôležitejšie ukazovatele hospodárskeho a sociálneho rozvoja krajín, hospodárskeho rastu a životnej úrovne. Porovnávanie údajov z 28 členských štátov EÚ za obdobie rokov 2015 - 2017, pričom pri výskume sa použili štatistické údaje z Eurostat...

Description complète

Enregistré dans:
Détails bibliographiques
Auteur principal: Bilan, Yuriy
Autres auteurs: Mishchuk, Halyna, Roshchyk, Iryna, Kmecová, Iveta
Format: Chapitre de livre
Langue:anglais
Sujets:
Tags: Ajouter un tag
Pas de tags, Soyez le premier à ajouter un tag!

MARC

LEADER 00000naa a2200000 4500
001 0263300
005 20200430150247.6
041 0 |a eng 
044 |a CZ 
245 1 0 |a <An> Analysis of Intellecutal Potential and its Impact on the Social and Economic Development of European Countries  |c Yuriy Bilan, Halyna Mishchuk, Iryna Roshchyk, Iveta Kmecová 
520 |a Posudzovanie intelektuálneho potenciálu a jeho vplyvu na najdôležitejšie ukazovatele hospodárskeho a sociálneho rozvoja krajín, hospodárskeho rastu a životnej úrovne. Porovnávanie údajov z 28 členských štátov EÚ za obdobie rokov 2015 - 2017, pričom pri výskume sa použili štatistické údaje z Eurostatu. Výskumnú vzorku tvorilo obyvateľstvo s vysokoškolským vzdelaním, ako aj príslušné odborné spôsobilosti potrebné na podnikanie a zamestnanie. Analýza ukazovateľov intelektuálneho potenciálu spolu s ukazovateľmi produktivity, takzvanej multifaktorovej produktivity (MFP) a produktivity práce (LP). Identifikácia faktorov ovplyvňujúcich intelektuálny potenciál. 
610 2 0 |a potenciál ľudský 
610 2 0 |a intelektualizácia 
610 2 0 |a vzdelanie vysokoškolské 
610 2 0 |a konkurencieschopnosť 
610 2 0 |a produktivita práce 
610 2 0 |a rozvoj hospodársky 
610 2 0 |a rozvoj sociálny 
610 2 0 |a produkt domáci hrubý 
610 2 0 |a úroveň životná 
610 2 0 |a Európska únia 
100 1 |a Bilan, Yuriy 
700 1 |a Mishchuk, Halyna 
700 1 |a Roshchyk, Iryna 
700 1 |a Kmecová, Iveta